Top 20 Most Expensive Colleges in America - Statistics

General Stats
  • This quiz has been taken 51 times
  • The average score is 10 of 20
Answer Stats
University Tuition($) % Correct
Brown University $58,504
84%
Columbia University $61,850
80%
Cornell University $57,222
64%
Dartmouth College $57,204
64%
Georgetown University $56,058
64%
Boston University $55,892
58%
George Washington University $56,935
58%
Duke University $58,198
58%
Northwestern University $56,691
53%
University of Pennsylvania $57,770
53%
Boston College $57,190
49%
University of Chicago $59,298
47%
Tulane University $56,800
44%
Tufts University $58,578
42%
Carnegie Mellon University $57,119
36%
Brandeis University $57,561
31%
Pepperdine University $55,892
22%
Southern Methodist University $56,560
18%
University of Rochester $56,026
13%
University of Southern California $58,195
11%
No matching quizzes found
Score Distribution
Percent of People with Each Score
Percentile by Number Answered
Your Score History
You have not taken this quiz